MLB Starting Lineups AL East - Statistics

General Stats
  • This quiz has been taken 24 times
  • The average score is 23 of 60
Answer Stats
Hint Answer % Correct
LF Aaron Judge
69%
Baltimore Orioles
69%
Catcher Adley Rutschman
63%
1B Anthony Rizzo
63%
SS Bo Bichette
63%
RF George Springer
63%
DH Giancarlo Stanton
63%
3B Gunnar Henderson
63%
1B Vladimir Guerrero Jr.
63%
DH Anthony Santander
56%
SS Anthony Volpe
56%
SP Corbin Burnes
56%
SP Gerritt Cole
56%
Toronto Blue Jays
50%
LF Cedric Mullins
50%
RF Juan Soto
50%
SP Kevin Gausman
50%
LF Randy Arozarena
50%
Tampa Bay Rays
50%
Boston Redsox
50%
1B Ryan Mountcastle
50%
New York Yankees
50%
Catcher Alejandro Kirk
44%
2B Gleyber Torres
44%
2B Jordan Westburg
44%
CL Clay Holmes
38%
CF Colton Cowser
38%
2B Davis Schneider
38%
SS Jackson Holliday
38%
CF Jarren Duran
38%
CF Kevin Kiermaier
38%
3B Oswaldo Cabrera
38%
3B Rafael Devers
38%
1B Triston Casas
38%
1B Yandy Diaz
38%
CF Alex Verdugo
31%
RF Austin Hays
31%
Catchers Austin Wells
31%
SP Brayan Bello
31%
DH Cavan Biggio
31%
LF Daulton Varsho
31%
CL Felix Bautista
31%
3B Isaac Paredes
31%
CL Jordan Romano
31%
3B Justin Turner
31%
CL Kenley Jansen
31%
Catcher Conner Wong
25%
SS Ceddanne Rafaela
19%
LF Masataka Yoshida
19%
RF Wilyer Abreu
19%
RF Amed Rosario
13%
DH Austin Shenton
13%
2B Curtis Mead
13%
2B Emmanuel Valdez
13%
SS Jose Cabellero
13%
CL Pete Fairbanks
13%
Catchers Rene Pinto
13%
CF Richie Palacios
13%
DH Rob Refsnyder
13%
SP Zach Eflin
13%
No matching quizzes found
Score Distribution
Percent of People with Each Score
Percentile by Number Answered
Your Score History
You have not taken this quiz